Histoire du drapeau de El Salvador - Statistiques

Statistiques générales
  • Ce quiz a été pris 13 fois
  • Le résultat moyen est 6 sur 11
Statistiques - réponses
Hint Réponse % Correct
Premier empire du Mexique (1822-1823)
83%
Nouvelle-Espagne (1519-1821)
83%
Huitième drapeau de El Salvador (drapeau actuel depuis 1912)
75%
Premier drapeau de El Salvador (1839-1865)
50%
Régence du Mexique (1821-1822)
50%
Sixième drapeau de El Salvador (1898)
50%
Quatrième drapeau de El Salvador (1873-1877)
42%
République fédérale d'Amérique centrale (1823-1839)
42%
Troisième drapeau de El Salvador (1869-1873)
33%
Cinquième drapeau de El Salvador (1877-1898) et septième drapeau de El Salvador (1898-1912)
25%
Deuxième drapeau de El Salvador (1865-1869)
25%
Aucun quiz correspondant
Distribution des résultats
% des personnes avec chaque résultat
Percentile par nombre de réponses
Votre historique - résultats
Vous n’avez pas pris ce quiz